000 00425nam a2200181Ia 4500
003 OSt
005 20250924190000.0
008 210423s1973 xx 000 0 und d
040 _cAL
041 _aEnglish
082 _a303.6
_bBAIE
100 _aAthelstane Baines
_9103325
245 _aEthnography
260 _aKottaym
_bOxford University Press
_c1973
365 _cINR
906 _aEthnography.
942 _2ddc
_cBK
999 _c171995
_d171995